[Event "AUT_chT"]
[Site "2005/2006"]
[Date "2005.11.18"]
[Round "1"]
[White "Voloshin, Leonid"]
[Black "Ruck, Robert"]
[Result "1/2-1/2"]
[WhiteElo "2466"]
[BlackElo "2540"]
[PlyCount "60"]
[EventDate "2005.10.??"]
[EventType "team"]
[EventRounds "11"]
[EventCountry "AUT"]
[WhiteTeam "Sparkasse Goetzis"]
[BlackTeam "Styria Graz - Kl.Zeitung"]
[WhiteTeamCountry "AUT"]
[BlackTeamCountry "AUT"]

1. e4 c6 2. d4 d5 3. Nd2 dxe4 4. Nxe4 Bf5 5. Ng3 Bg6 6. h4 h6 7. Nf3 Nd7 8. h5
Bh7 9. Bd3 Bxd3 10. Qxd3 e6 11. Bf4 Qa5+ 12. Bd2 Bb4 13. c3 Be7 14. c4 Qc7 15.
O-O-O Ngf6 16. Kb1 O-O 17. Qe2 Rfe8 18. Ne5 c5 19. Bc3 cxd4 20. Bxd4 Nxe5 21.
Bxe5 Qc6 22. f4 Rac8 23. Rc1 Red8 24. Rhe1 Bb4 25. Red1 Rxd1 26. Rxd1 Be7 27.
b3 a6 28. Bb2 Rd8 29. Rxd8+ Bxd8 30. f5 Bc7 1/2-1/2

[Event "AUT_chT"]
[Site "2005/2006"]
[Date "2005.11.18"]
[Round "1"]
[White "Eisenbeiser, Amadeus"]
[Black "Stohl, Igor"]
[Result "0-1"]
[WhiteElo "2373"]
[BlackElo "2538"]
[PlyCount "151"]
[EventDate "2005.10.??"]
[EventType "team"]
[EventRounds "11"]
[EventCountry "AUT"]
[WhiteTeam "Sparkasse Goetzis"]
[BlackTeam "Styria Graz - Kl.Zeitung"]
[WhiteTeamCountry "AUT"]
[BlackTeamCountry "AUT"]

1. e4 c5 2. c4 g6 3. Nf3 Bg7 4. d4 Qb6 5. dxc5 Qxc5 6. Nc3 Bxc3+ 7. bxc3 d6 8.
Qd4 f6 9. Be3 Qc7 10. Qd5 Nc6 11. Nd4 Bd7 12. Nb3 f5 13. exf5 Nf6 14. Qd1 Bxf5
15. Nd4 Bd7 16. Be2 Na5 17. Qd3 O-O 18. Nb5 Qc6 19. O-O a6 20. Nd4 Qc7 21. Nb3
Bf5 22. Qd4 Nc6 23. Qb6 Qxb6 24. Bxb6 Ne5 25. Bd4 Nc6 26. Bb6 Rac8 27. Rfe1
Rfe8 28. Bf1 Nd7 29. Bd4 b6 30. h3 Nc5 31. g4 Bd7 32. Rad1 Na4 33. f4 Nxd4 34.
cxd4 b5 35. c5 Kf8 36. Bg2 Rc7 37. cxd6 exd6 38. Rxe8+ Bxe8 39. f5 gxf5 40. Rf1
Nc3 41. Rxf5+ Rf7 42. Bb7 Rxf5 43. gxf5 Nxa2 44. Bxa6 Ke7 45. Kf2 Bd7 46. Ke3
Nb4 47. Bb7 Bxf5 48. h4 Be6 49. Nd2 Bd5 50. Bc8 Nc6 51. Bf5 h6 52. Bd3 b4 53.
Nf1 b3 54. Ng3 Be6 55. Bb1 Nb4 56. Be4 Nd5+ 57. Bxd5 Bxd5 58. Kd3 Bc4+ 59. Kc3
Ke6 60. Ne4 Kd5 61. Nf6+ Kc6 62. Ne4 Be6 63. Nf6 Bf7 64. Kb2 Kb5 65. Ne4 Kc6
66. Nf6 Bc4 67. Kc3 Be6 68. Nh5 Bg4 69. Nf6 Bd1 70. h5 Kb5 71. Ne4 Bxh5 72.
Nxd6+ Ka4 73. Kb2 Bf3 74. Nf5 h5 75. Ne3 h4 76. d5 0-1

[Event "AUT_chT"]
[Site "2005/2006"]
[Date "2005.11.18"]
[Round "1"]
[White "Hengl, Christian"]
[Black "Brestian, Egon"]
[Result "0-1"]
[WhiteElo "2232"]
[BlackElo "2399"]
[PlyCount "56"]
[EventDate "2005.10.??"]
[EventType "team"]
[EventRounds "11"]
[EventCountry "AUT"]
[WhiteTeam "Sparkasse Goetzis"]
[BlackTeam "Styria Graz - Kl.Zeitung"]
[WhiteTeamCountry "AUT"]
[BlackTeamCountry "AUT"]

1. e4 c5 2. Nc3 e6 3. g3 d5 4. Bg2 d4 5. Nce2 g6 6. d3 Bg7 7. f4 Ne7 8. Nf3
Nbc6 9. O-O O-O 10. Rb1 b5 11. c3 a5 12. cxd4 cxd4 13. Bd2 b4 14. Be1 Ba6 15.
Bf2 Qb6 16. Nc1 Rac8 17. Nd2 Na7 18. Re1 e5 19. fxe5 Bxe5 20. Bf1 Bg7 21. Nc4
Qc7 22. Nb3 Bxc4 23. dxc4 Nac6 24. Nc1 Ne5 25. b3 d3 26. Bxd3 Rcd8 27. Qe2 N7c6
28. Bc2 Rd2 0-1

[Event "AUT_chT"]
[Site "2005/2006"]
[Date "2005.11.18"]
[Round "1"]
[White "Balinov, Ilija"]
[Black "Kranz, Armin"]
[Result "1-0"]
[WhiteElo "2455"]
[BlackElo "2182"]
[PlyCount "63"]
[EventDate "2005.10.??"]
[EventType "team"]
[EventRounds "11"]
[EventCountry "AUT"]
[WhiteTeam "Styria Graz - Kl.Zeitung"]
[BlackTeam "Sparkasse Goetzis"]
[WhiteTeamCountry "AUT"]
[BlackTeamCountry "AUT"]

1. g3 Nf6 2. Bg2 d5 3. c4 e6 4. Nf3 Be7 5. O-O O-O 6. d4 c6 7. Nc3 b6 8. Ne5
Bb7 9. e4 dxc4 10. Nxc4 Ba6 11. b3 b5 12. Ne5 b4 13. Ne2 Bxe2 14. Qxe2 Qxd4 15.
Bb2 Qb6 16. Rfd1 a5 17. Bd4 Qa6 18. Qe3 a4 19. Rac1 h6 20. Rc4 Rd8 21. Rdc1
axb3 22. axb3 Rc8 23. Qf3 c5 24. Nxf7 Nbd7 25. Bxf6 Bxf6 26. Qh5 Bb2 27. Rd1
Nf8 28. e5 Rab8 29. Nxh6+ gxh6 30. Rg4+ Kh8 31. Qxh6+ Nh7 32. Qg7# 1-0

[Event "AUT_chT"]
[Site "2005/2006"]
[Date "2005.11.18"]
[Round "1"]
[White "Likavsky, Tomas"]
[Black "Ftacnik, Lubomir"]
[Result "0-1"]
[WhiteElo "2493"]
[BlackElo "2606"]
[PlyCount "48"]
[EventDate "2005.10.??"]
[EventType "team"]
[EventRounds "11"]
[EventCountry "AUT"]
[WhiteTeam "Wulkaprodersdorf"]
[BlackTeam "Union Ansfelden"]
[WhiteTeamCountry "AUT"]
[BlackTeamCountry "AUT"]

1. d4 Nf6 2. c4 g6 3. Nc3 d5 4. Nf3 Bg7 5. Qb3 dxc4 6. Qxc4 O-O 7. Bf4 Na6 8.
e4 c5 9. d5 Qa5 10. Qb5 Qb6 11. h3 e6 12. d6 Bd7 13. Qxb6 axb6 14. O-O-O Bc6
15. Re1 Nd7 16. Bc4 Rfc8 17. Nb5 Nab8 18. Kb1 Nf6 19. Nd2 Ra5 20. Nc3 Nbd7 21.
Nb3 Raa8 22. g4 Ne8 23. Nb5 Ra4 24. Bf1 Rxe4 0-1

[Event "AUT_chT"]
[Site "2005/2006"]
[Date "2005.11.18"]
[Round "1"]
[White "Babula, Vlastimil"]
[Black "Kalod, Radek"]
[Result "0-1"]
[WhiteElo "2585"]
[BlackElo "2502"]
[PlyCount "106"]
[EventDate "2005.10.??"]
[EventType "team"]
[EventRounds "11"]
[EventCountry "AUT"]
[WhiteTeam "Union Ansfelden"]
[BlackTeam "Wulkaprodersdorf"]
[WhiteTeamCountry "AUT"]
[BlackTeamCountry "AUT"]

1. d4 Nf6 2. c4 c6 3. Nf3 d5 4. Nc3 a6 5. c5 Nbd7 6. Bf4 Nh5 7. e3 Nxf4 8. exf4
b6 9. b4 g6 10. Bd3 Qc7 11. Qd2 Bh6 12. g3 a5 13. cxb6 Nxb6 14. bxa5 Rxa5 15.
O-O O-O 16. Rfc1 Qa7 17. Nd1 Bd7 18. Ne5 Rc8 19. Qb4 Be8 20. Rab1 Na4 21. Qb7
Qxb7 22. Rxb7 Bf8 23. Ne3 f6 24. Nf3 Raa8 25. f5 Rcb8 26. Rc7 Nb2 27. Bb1 Ra3
28. Kg2 Nd3 29. Rd1 Nb2 30. Re1 Nd3 31. Bxd3 Rxd3 32. fxg6 hxg6 33. Ng4 Rd8 34.
Rexe7 Bxe7 35. Rxe7 Kf8 36. Re6 Bd7 37. Rxf6+ Ke7 38. Rf4 Rxf3 39. Rxf3 Bxg4
40. Rb3 Ra8 41. h3 Bd7 42. Rb2 Ra4 43. Rd2 Kd6 44. g4 c5 45. dxc5+ Kxc5 46. Kg3
Ra3+ 47. Kh4 Rf3 48. Rc2+ Kd6 49. Rd2 Ke5 50. a4 d4 51. Kg5 Rxh3 52. Ra2 Be6
53. Rb2 Rb3 0-1

[Event "AUT_chT"]
[Site "2005/2006"]
[Date "2005.11.18"]
[Round "1"]
[White "Volkmann, Friedrich Karl"]
[Black "Stanec, Nikolaus"]
[Result "1/2-1/2"]
[WhiteElo "2421"]
[BlackElo "2543"]
[PlyCount "26"]
[EventDate "2005.10.??"]
[EventType "team"]
[EventRounds "11"]
[EventCountry "AUT"]
[WhiteTeam "Wulkaprodersdorf"]
[BlackTeam "Union Ansfelden"]
[WhiteTeamCountry "AUT"]
[BlackTeamCountry "AUT"]

1. e4 c5 2. Nf3 e6 3. d4 cxd4 4. Nxd4 a6 5. Bd3 Nc6 6. Nxc6 dxc6 7. O-O e5 8.
Nd2 Be6 9. Nc4 Bxc4 10. Bxc4 Qxd1 11. Rxd1 Nf6 12. f3 Bc5+ 13. Kf1 h6 1/2-1/2

[Event "AUT_chT"]
[Site "2005/2006"]
[Date "2005.11.18"]
[Round "1"]
[White "Casagrande, Harald"]
[Black "Sommerbauer, Norbert"]
[Result "1/2-1/2"]
[WhiteElo "2340"]
[BlackElo "2452"]
[PlyCount "21"]
[EventDate "2005.10.??"]
[EventType "team"]
[EventRounds "11"]
[EventCountry "AUT"]
[WhiteTeam "Union Ansfelden"]
[BlackTeam "Wulkaprodersdorf"]
[WhiteTeamCountry "AUT"]
[BlackTeamCountry "AUT"]

1. d4 d5 2. Nf3 e6 3. c3 c5 4. Bg5 Be7 5. h4 h6 6. Bf4 Bd6 7. g3 Nc6 8. e3 Nf6
9. Nbd2 O-O 10. Bd3 Qe7 11. Ne5 1/2-1/2

[Event "AUT_chT"]
[Site "2005/2006"]
[Date "2005.11.18"]
[Round "1"]
[White "Schweda, Roland"]
[Black "Knoll, Hermann"]
[Result "1-0"]
[WhiteElo "2416"]
[BlackElo "2361"]
[PlyCount "117"]
[EventDate "2005.10.??"]
[EventType "team"]
[EventRounds "11"]
[EventCountry "AUT"]
[WhiteTeam "Wulkaprodersdorf"]
[BlackTeam "Union Ansfelden"]
[WhiteTeamCountry "AUT"]
[BlackTeamCountry "AUT"]

1. d4 d5 2. c4 c6 3. Nf3 Nf6 4. Nc3 dxc4 5. a4 c5 6. d5 e6 7. e4 Nxe4 8. Nxe4
exd5 9. Ng3 Be7 10. Nh5 O-O 11. Nf4 Be6 12. g3 Bf6 13. Nxe6 fxe6 14. Bh3 Re8
15. O-O e5 16. Ng5 Bxg5 17. Bxg5 Qd6 18. f4 e4 19. f5 Nd7 20. Bf4 Qc6 21. Qe2
Rad8 22. g4 Ne5 23. g5 Nd3 24. f6 Rf8 25. Qg4 Kh8 26. Qh4 g6 27. Rad1 Rf7 28.
Rd2 Re8 29. Qg3 Qxa4 30. Bd6 Qc6 31. Be7 b5 32. Qg4 e3 33. Re2 d4 34. Qe6 Qxe6
35. Bxe6 Kg8 36. Kg2 a5 37. Kg3 a4 38. h4 Ne5 39. h5 gxh5 40. Rh1 Ng6 41. Bxf7+
Kxf7 42. Rxh5 Nxe7 43. Rxh7+ Ke6 44. fxe7 Kf5 45. Kf3 a3 46. bxa3 c3 47. Rg2
Kg6 48. Rh6+ Kg7 49. Re6 b4 50. axb4 cxb4 51. Ke4 b3 52. Kd3 b2 53. Rg1 Kf7 54.
Re4 Kg6 55. Re5 Kf7 56. g6+ Kf6 57. Re4 Kf5 58. Rf1+ Kxg6 59. Rg4+ 1-0

[Event "AUT_chT"]
[Site "2005/2006"]
[Date "2005.11.18"]
[Round "1"]
[White "Rotstein, Arkadij"]
[Black "Gustafsson, Jan"]
[Result "1-0"]
[WhiteElo "2520"]
[BlackElo "2614"]
[PlyCount "56"]
[EventDate "2005.10.??"]
[EventType "team"]
[EventRounds "11"]
[EventCountry "AUT"]
[WhiteTeam "Tschaturanga Neubau"]
[BlackTeam "Hohenems"]
[WhiteTeamCountry "AUT"]
[BlackTeamCountry "AUT"]

1. c4 Nf6 2. Nf3 e6 3. g3 d5 4. Bg2 dxc4 5. Qa4+ c6 6. Qxc4 b5 7. Qb3 Bb7 8.
O-O Nbd7 9. d4 a6 10. Ne5 Nxe5 11. dxe5 Nd7 12. Nc3 Qc8 13. Ne4 c5 14. Rd1 Be7
15. Bf4 O-O 16. Nd6 Bxd6 17. Rxd6 c4 18. Qe3 Bxg2 19. Kxg2 Nc5 20. Rad1 Nb7 21.
R6d4 Qc6+ 22. f3 Rfd8 23. Bh6 Kf8 24. Bxg7+ Kxg7 25. Rh4 Kf8 26. Rxh7 Rxd1 27.
Qg5 Rg1+ 28. Kh3 Ke8 1-0

[Event "AUT_chT"]
[Site "2005/2006"]
[Date "2005.11.18"]
[Round "1"]
[White "Baramidze, David"]
[Black "Rotshtein, Efim"]
[Result "1-0"]
[WhiteElo "2554"]
[BlackElo "2410"]
[PlyCount "85"]
[EventDate "2005.10.??"]
[EventType "team"]
[EventRounds "11"]
[EventCountry "AUT"]
[WhiteTeam "Hohenems"]
[BlackTeam "Tschaturanga Neubau"]
[WhiteTeamCountry "AUT"]
[BlackTeamCountry "AUT"]

1. e4 c5 2. Nf3 e6 3. d4 cxd4 4. Nxd4 Nf6 5. Nc3 d6 6. Be3 a6 7. f3 b5 8. g4
Bb7 9. Qd2 Be7 10. O-O-O Nc6 11. Nxc6 Bxc6 12. Ne2 Rc8 13. Nd4 Bb7 14. h4 Qc7
15. Kb1 Nd7 16. g5 Ne5 17. Qg2 Nc6 18. h5 d5 19. exd5 Nxd4 20. Bxd4 Bxd5 21. h6
e5 22. hxg7 Rg8 23. Bc3 Rd8 24. Qe2 Bc4 25. Rxd8+ Qxd8 26. Qe1 Bxf1 27. Qxf1
Rxg7 28. f4 Bd6 29. fxe5 b4 30. exd6 bxc3 31. Qxa6 Rxg5 32. Rd1 Kf8 33. d7 f6
34. Qc8 Ke7 35. Qxc3 Re5 36. Qd3 h5 37. a3 Kf7 38. Qh7+ Ke6 39. a4 Rg5 40. Qe4+
Re5 41. Qc4+ Ke7 42. a5 Rg5 43. a6 1-0

[Event "AUT_chT"]
[Site "2005/2006"]
[Date "2005.11.18"]
[Round "1"]
[White "Srienz, Christian"]
[Black "Atlas, Valeri"]
[Result "1/2-1/2"]
[WhiteElo "2233"]
[BlackElo "2480"]
[PlyCount "106"]
[EventDate "2005.10.??"]
[EventType "team"]
[EventRounds "11"]
[EventCountry "AUT"]
[WhiteTeam "Tschaturanga Neubau"]
[BlackTeam "Hohenems"]
[WhiteTeamCountry "AUT"]
[BlackTeamCountry "AUT"]

1. e4 c5 2. Nf3 e6 3. d4 cxd4 4. Nxd4 Nf6 5. Nc3 d6 6. Be2 a6 7. a4 b6 8. f4
Nbd7 9. O-O Bb7 10. Bf3 Qc7 11. Qe2 Rc8 12. Be3 Qc4 13. Qxc4 Rxc4 14. Be2 Rc8
15. Bf3 g6 16. e5 Bxf3 17. Nxf3 Ng4 18. Bd4 dxe5 19. fxe5 Bg7 20. Rfe1 h5 21.
h3 Nh6 22. Ne4 O-O 23. Bc3 Nf5 24. Rad1 Rfd8 25. g4 hxg4 26. hxg4 Nh6 27. Nd6
Rb8 28. Re4 Nc5 29. Rc4 Nb7 30. Kg2 b5 31. axb5 axb5 32. Rb4 Nxd6 33. Rxd6 Rdc8
34. Rd2 Rb7 35. Rbd4 Bf8 36. Bb4 Bxb4 37. Rxb4 Rc4 38. Rxc4 bxc4 39. Rd4 Rxb2
40. Rxc4 Kg7 41. Kg3 Rb7 42. Ng5 Ng8 43. Rf4 Re7 44. c4 f6 45. exf6+ Nxf6 46.
c5 Nd5 47. Re4 Kf6 48. Nf3 e5 49. c6 Nc7 50. Re1 Re6 51. Kh4 Rxc6 52. Nxe5 Re6
53. Nf3 Rxe1 1/2-1/2

[Event "AUT_chT"]
[Site "2005/2006"]
[Date "2005.11.18"]
[Round "1"]
[White "Braun, Arik"]
[Black "Wukits, Rene"]
[Result "1-0"]
[WhiteElo "2491"]
[BlackElo "2321"]
[PlyCount "51"]
[EventDate "2005.10.??"]
[EventType "team"]
[EventRounds "11"]
[EventCountry "AUT"]
[WhiteTeam "Hohenems"]
[BlackTeam "Tschaturanga Neubau"]
[WhiteTeamCountry "AUT"]
[BlackTeamCountry "AUT"]

1. d4 d5 2. c4 e6 3. Nc3 Nf6 4. cxd5 exd5 5. Bg5 Be7 6. e3 c6 7. Bd3 Nbd7 8.
Nf3 Nh5 9. h4 g6 10. g4 Ng7 11. Bh6 Ne6 12. Qc2 Nf6 13. Ne5 Bd6 14. O-O-O Bxe5
15. dxe5 Nxg4 16. Bf4 Qb6 17. Na4 Qa5 18. h5 g5 19. Bg3 Bd7 20. Bf5 Nh6 21. e4
O-O-O 22. Rxd5 b5 23. Nc5 Nxf5 24. exf5 Qxa2 25. fxe6 Bxe6 26. Rd6 1-0

[Event "AUT_chT"]
[Site "2005/2006"]
[Date "2005.11.18"]
[Round "1"]
[White "Schwaninger, Wolfgang"]
[Black "Amann, Guenter"]
[Result "0-1"]
[WhiteElo "2250"]
[BlackElo "2316"]
[PlyCount "68"]
[EventDate "2005.10.??"]
[EventType "team"]
[EventRounds "11"]
[EventCountry "AUT"]
[WhiteTeam "Tschaturanga Neubau"]
[BlackTeam "Hohenems"]
[WhiteTeamCountry "AUT"]
[BlackTeamCountry "AUT"]

1. d4 Nf6 2. c4 g6 3. Nc3 Bg7 4. Nf3 d6 5. g3 O-O 6. Bg2 Nbd7 7. O-O e5 8. e3
c6 9. b3 Re8 10. a4 Qa5 11. Bd2 Qd8 12. a5 exd4 13. exd4 Nf8 14. Ra2 Bf5 15.
Re1 Qd7 16. a6 b6 17. Nh4 Bg4 18. Qc1 Rxe1+ 19. Qxe1 h6 20. d5 Re8 21. Be3 cxd5
22. Nxd5 g5 23. Nf3 Nxd5 24. cxd5 Ng6 25. Qb4 Bxf3 26. Bxf3 Qf5 27. Kg2 Ne5 28.
Be4 Nd3 29. Bxd3 Qxd5+ 30. Kg1 Qxd3 31. Rd2 Qxa6 32. Qxd6 Qb7 33. Qd7 Qe4 34.
Qxa7 Ra8 0-1

[Event "AUT_chT"]
[Site "2005/2006"]
[Date "2005.11.18"]
[Round "1"]
[White "Bunzmann, Dimitrij"]
[Black "Fogarasi, Tibor"]
[Result "1/2-1/2"]
[WhiteElo "2537"]
[BlackElo "2481"]
[PlyCount "129"]
[EventDate "2005.10.??"]
[EventType "team"]
[EventRounds "11"]
[EventCountry "AUT"]
[WhiteTeam "Maria Saal"]
[BlackTeam "Admiral Fuerstenfeld"]
[WhiteTeamCountry "AUT"]
[BlackTeamCountry "AUT"]

1. c4 e5 2. Nc3 Nc6 3. g3 g6 4. Bg2 Bg7 5. Rb1 a5 6. a3 d6 7. b4 axb4 8. axb4
Nh6 9. b5 Ne7 10. d3 Nhf5 11. e3 O-O 12. Nge2 c6 13. O-O d5 14. cxd5 cxd5 15.
d4 exd4 16. exd4 Be6 17. Bf4 Qa5 18. Re1 Rfc8 19. Bd2 Qd8 20. Rb4 h6 21. Na4 b6
22. h4 Ra7 23. Nb2 Kh7 24. Qb3 Rca8 25. Rc1 Ra1 26. Na4 Rxc1+ 27. Bxc1 Rc8 28.
Bf4 Rc4 29. Be5 Bxe5 30. dxe5 Qc7 31. Rxc4 dxc4 32. Qb2 Nd5 33. h5 Qa7 34.
hxg6+ fxg6 35. Nac3 Nxc3 36. Nxc3 Qd7 37. Qa3 Kg7 38. Bc6 Qd4 39. Qa7+ Kf8 40.
Qb8+ Kg7 41. Qc7+ Kf8 42. Ne4 c3 43. Nxc3 Bc4 44. Qc8+ Kg7 45. Qd7+ Qxd7 46.
Bxd7 Nd4 47. f4 Kf7 48. Kf2 Ke7 49. Na4 Bxb5 50. Bxb5 Nxb5 51. Nxb6 Ke6 52. Kf3
h5 53. Ke4 Nc3+ 54. Kd3 Nb5 55. Nc4 Kd5 56. Ne3+ Ke6 57. Nd1 Kf5 58. Ne3+ Ke6
59. Kc4 Nc7 60. Nc2 Kf5 61. Nd4+ Kg4 62. Ne2 Kf3 63. Kd3 Kf2 64. Kd2 Ne6 65.
Kd3 1/2-1/2

[Event "AUT_chT"]
[Site "2005/2006"]
[Date "2005.11.18"]
[Round "1"]
[White "Baumegger, Siegfried"]
[Black "Ragger, Markus"]
[Result "1-0"]
[WhiteElo "2413"]
[BlackElo "2451"]
[PlyCount "99"]
[EventDate "2005.10.??"]
[EventType "team"]
[EventRounds "11"]
[EventCountry "AUT"]
[WhiteTeam "Admiral Fuerstenfeld"]
[BlackTeam "Maria Saal"]
[WhiteTeamCountry "AUT"]
[BlackTeamCountry "AUT"]

1. e4 e5 2. Nf3 Nc6 3. Bb5 a6 4. Ba4 Nf6 5. O-O Be7 6. Re1 b5 7. Bb3 d6 8. c3
O-O 9. d3 Na5 10. Bc2 c5 11. Nbd2 Nc6 12. Nf1 Re8 13. h3 h6 14. Ng3 Bf8 15. d4
Bb7 16. d5 Ne7 17. a4 Nd7 18. b3 g6 19. Qe2 Qb6 20. Bd3 Reb8 21. axb5 axb5 22.
Be3 b4 23. Bb5 Rxa1 24. Rxa1 Bc8 25. c4 f5 26. exf5 gxf5 27. Nh5 Bg7 28. Nxg7
Kxg7 29. Bxd7 Bxd7 30. Nh4 Qd8 31. Bxc5 dxc5 32. Qxe5+ Kf7 33. Ra7 Ra8 34. Rc7
Ra1+ 35. Kh2 Ra6 36. d6 Ng8 37. Qxf5+ Nf6 38. Qg6+ Ke6 39. Qf5+ Kxd6 40. Qxc5+
Ke6 41. Nf5 Kf7 42. f4 Kg6 43. Nh4+ Kf7 44. Nf3 Re6 45. Ne5+ Ke8 46. f5 Rxe5
47. Qxe5+ Kf7 48. c5 Qe8 49. Qd6 Qe1 50. Rxd7+ 1-0

[Event "AUT_chT"]
[Site "2005/2006"]
[Date "2005.11.18"]
[Round "1"]
[White "Hoelzl, Franz"]
[Black "Kuba, Guenter"]
[Result "1-0"]
[WhiteElo "2364"]
[BlackElo "2406"]
[PlyCount "115"]
[EventDate "2005.10.??"]
[EventType "team"]
[EventRounds "11"]
[EventCountry "AUT"]
[WhiteTeam "Maria Saal"]
[BlackTeam "Admiral Fuerstenfeld"]
[WhiteTeamCountry "AUT"]
[BlackTeamCountry "AUT"]

1. Nf3 Nc6 2. d4 d5 3. c4 Bg4 4. e3 e5 5. Qb3 Bxf3 6. gxf3 Bb4+ 7. Bd2 Bxd2+ 8.
Nxd2 exd4 9. cxd5 dxe3 10. fxe3 Qh4+ 11. Kd1 Nd8 12. Rc1 Qe7 13. Rg1 Kf8 14.
Qc3 Nf6 15. e4 Ne8 16. Nc4 f6 17. Ne3 g6 18. h4 Nf7 19. h5 Rg8 20. Bh3 Rd8 21.
Kc2 Qe5 22. Be6 Qxc3+ 23. bxc3 gxh5 24. Rxg8+ Kxg8 25. Nf5 Kf8 26. Rb1 b6 27.
Rg1 a6 28. a4 h4 29. Nxh4 Ng7 30. Nf5 Nxf5 31. Bxf5 h6 32. Rg6 Ke7 33. Be6 Ng5
34. Rg7+ Kd6 35. Bg4 c6 36. dxc6 Kxc6 37. Rg6 Rd6 38. Rxh6 Nf7 39. Rh3 Ne5 40.
Bc8 a5 41. Ba6 Kd7 42. Be2 Ke7 43. Bb5 Ng6 44. Rg3 Nf4 45. Rg7+ Kd8 46. Bc4 Rc6
47. Rg4 Rxc4 48. Kb3 Rc6 49. Rxf4 Ke7 50. Rf5 Ke6 51. c4 Rd6 52. Rd5 Rc6 53.
Kc3 Rc8 54. Kd4 Rb8 55. Rb5 Rd8+ 56. Ke3 Rd6 57. c5 bxc5 58. Rxc5 1-0

[Event "AUT_chT"]
[Site "2005/2006"]
[Date "2005.11.18"]
[Round "1"]
[White "Wach, Markus"]
[Black "Diermair, Andreas"]
[Result "1-0"]
[WhiteElo "2376"]
[BlackElo "2351"]
[PlyCount "89"]
[EventDate "2005.10.??"]
[EventType "team"]
[EventRounds "11"]
[EventCountry "AUT"]
[WhiteTeam "Admiral Fuerstenfeld"]
[BlackTeam "Maria Saal"]
[WhiteTeamCountry "AUT"]
[BlackTeamCountry "AUT"]

1. e4 b6 2. d4 Bb7 3. Bd3 e6 4. Nf3 c5 5. c3 Nf6 6. Qe2 Be7 7. a3 d5 8. e5 Nfd7
9. h4 Qc7 10. Bg5 f6 11. exf6 gxf6 12. Qxe6 Nf8 13. Qe2 fxg5 14. hxg5 Nc6 15.
g6 O-O-O 16. g7 Rg8 17. gxf8=Q Rdxf8 18. Nbd2 Re8 19. Rxh7 Rxg2 20. Bb5 cxd4
21. cxd4 Qd6 22. Rc1 Kb8 23. Nf1 Qf4 24. Rc3 Qf5 25. Bd3 Qf8 26. Ne3 Rg7 27.
Rxg7 Qxg7 28. Bb5 Qg6 29. Qc2 Qxc2 30. Rxc2 Rc8 31. Nxd5 Bd6 32. Ne3 a6 33.
Bxc6 Bxc6 34. Ne5 Bb5 35. Rxc8+ Kxc8 36. f4 Bf8 37. Kf2 Kc7 38. Nd5+ Kb7 39.
Ke3 Bc6 40. Ke4 b5 41. f5 a5 42. f6 b4 43. axb4 axb4 44. b3 Bd6 45. Nc4 1-0

[Event "AUT_chT"]
[Site "2005/2006"]
[Date "2005.11.18"]
[Round "1"]
[White "Tkachiev, Vladislav"]
[Black "Bischoff, Klaus"]
[Result "1/2-1/2"]
[WhiteElo "2642"]
[BlackElo "2560"]
[PlyCount "84"]
[EventDate "2005.10.??"]
[EventType "team"]
[EventRounds "11"]
[EventCountry "AUT"]
[WhiteTeam "Sparkasse Schwarzach"]
[BlackTeam "Die Klagenfurter"]
[WhiteTeamCountry "AUT"]
[BlackTeamCountry "AUT"]

1. d4 Nf6 2. c4 e6 3. Nf3 d5 4. Nc3 Nbd7 5. Bf4 dxc4 6. e3 a6 7. a4 Bd6 8. Bg3
b6 9. Bxc4 Bb7 10. O-O Bxg3 11. hxg3 Qe7 12. Re1 c5 13. d5 exd5 14. Nxd5 Nxd5
15. Bxd5 Bxd5 16. Qxd5 O-O 17. e4 Rfe8 18. Rad1 Nf8 19. Qb3 Qe6 20. Rd5 h6 21.
Qd3 Qc6 22. b3 b5 23. axb5 axb5 24. Rc1 Ne6 25. Ne5 Qa6 26. Nd7 Qa3 27. Qd1 Qb4
28. Nxc5 Nxc5 29. Rdxc5 Rxe4 30. Kh2 Rae8 31. Qd3 Qd4 32. Qxd4 Rxd4 33. Rxb5
Rd2 34. Rf5 Rb2 35. Rf3 Rb8 36. Rcc3 Rb7 37. g4 f6 38. Kg3 Kf7 39. Rfd3 Kg6 40.
Re3 Ra7 41. Rf3 Rb7 42. Kh3 Ra7 1/2-1/2

[Event "AUT_chT"]
[Site "2005/2006"]
[Date "2005.11.18"]
[Round "1"]
[White "Horvath, Csaba"]
[Black "Hertneck, Gerald"]
[Result "1-0"]
[WhiteElo "2545"]
[BlackElo "2535"]
[PlyCount "65"]
[EventDate "2005.10.??"]
[EventType "team"]
[EventRounds "11"]
[EventCountry "AUT"]
[WhiteTeam "Die Klagenfurter"]
[BlackTeam "Sparkasse Schwarzach"]
[WhiteTeamCountry "AUT"]
[BlackTeamCountry "AUT"]

1. d4 Nf6 2. c4 e6 3. Nf3 b6 4. g3 Bb7 5. Bg2 Be7 6. Nc3 Ne4 7. Bd2 f5 8. d5
Bf6 9. Qc2 Na6 10. Nxe4 fxe4 11. Qxe4 Bxb2 12. Rd1 Bf6 13. O-O Qe7 14. Bf4
O-O-O 15. Qc2 e5 16. Be3 Kb8 17. Nd2 c6 18. d6 Qxd6 19. Ne4 Qf8 20. c5 Be7 21.
cxb6 d5 22. Rb1 Ka8 23. bxa7 Nb4 24. Qb2 dxe4 25. a3 c5 26. axb4 cxb4 27. Qxe5
Qf6 28. Qxe4 Rd7 29. Rfd1 Rhd8 30. Rxd7 Rxd7 31. Qc4 Rd8 32. Bxb7+ Kxb7 33.
Qe4+ 1-0

[Event "AUT_chT"]
[Site "2005/2006"]
[Date "2005.11.18"]
[Round "1"]
[White "Zelcic, Robert"]
[Black "Pilaj, Herwig"]
[Result "1/2-1/2"]
[WhiteElo "2514"]
[BlackElo "2403"]
[PlyCount "95"]
[EventDate "2005.10.??"]
[EventType "team"]
[EventRounds "11"]
[EventCountry "AUT"]
[WhiteTeam "Sparkasse Schwarzach"]
[BlackTeam "Die Klagenfurter"]
[WhiteTeamCountry "AUT"]
[BlackTeamCountry "AUT"]

1. e4 c5 2. Nf3 Nc6 3. d4 cxd4 4. Nxd4 e5 5. Nb5 d6 6. N1c3 a6 7. Na3 Be7 8.
Nd5 Nf6 9. Nxf6+ Bxf6 10. Nc4 Be7 11. Be3 Be6 12. Nb6 Rb8 13. Nd5 O-O 14. Be2
Bg5 15. Bb6 Qd7 16. O-O Kh8 17. c4 f5 18. exf5 Bxf5 19. Nc3 Rbe8 20. Be3 Bxe3
21. fxe3 Qd8 22. Bg4 Bg6 23. Qd2 h6 24. h3 Rxf1+ 25. Rxf1 Rf8 26. Bf3 Qe7 27.
Nd5 Qh4 28. b3 Be4 29. Be2 Rxf1+ 30. Bxf1 Bxd5 31. Qxd5 Qe1 32. Qf3 Ne7 33. Kh2
Ng8 34. Bd3 Qd2 35. Be4 Nf6 36. Bg6 Qb4 37. Bf5 a5 38. h4 a4 39. e4 a3 40. Qd3
Kg8 41. Qd1 Kf7 42. h5 Ke7 43. Qe2 Qc3 44. Qf2 Nxh5 45. Qb6 Qg3+ 46. Kh1 Qe1+
47. Kh2 Qg3+ 48. Kh1 1/2-1/2

[Event "AUT_chT"]
[Site "2005/2006"]
[Date "2005.11.18"]
[Round "1"]
[White "Danner, Georg"]
[Black "Genser, Harald"]
[Result "1/2-1/2"]
[WhiteElo "2402"]
[BlackElo "2336"]
[PlyCount "48"]
[EventDate "2005.10.??"]
[EventType "team"]
[EventRounds "11"]
[EventCountry "AUT"]
[WhiteTeam "Sparkasse Schwarzach"]
[BlackTeam "Die Klagenfurter"]
[WhiteTeamCountry "AUT"]
[BlackTeamCountry "AUT"]

1. d4 Nf6 2. Nf3 e6 3. e3 b6 4. Bd3 Bb7 5. O-O d5 6. Ne5 Bd6 7. Nd2 Nbd7 8. f4
Ne4 9. Nxe4 dxe4 10. Bb5 Bxe5 11. fxe5 a6 12. Bxd7+ Qxd7 13. b3 Qe7 14. a4 f5
15. exf6 gxf6 16. a5 b5 17. c4 f5 18. Qe2 Qd7 19. Bd2 O-O-O 20. Be1 bxc4 21.
bxc4 c5 22. Rd1 cxd4 23. Rxd4 Qc7 24. Bc3 Rhg8 1/2-1/2